000 00563nam a2200229Ia 4500
003 OSt
005 20221005130458.0
006 a|||||r|||| 00| 0
007 ta
008 221004b |||||||| |||| 00| 0 eng d
024 _a57054
037 _cTextual
040 _aCRL
_cCRL
_beng
041 _2eng
_aeng
082 _aV2:1:M8, A
100 _aBell Evans
_9104067
245 0 _aRetrospects and prospects of Indian policy
260 _c1870
650 _aHISTORY
942 _hV2:1:M8, A
_cTEXL
_2cc
999 _c1057382
_d1057382